| 000 | nam a22 7a 4500 | ||
|---|---|---|---|
| 999 |
_c17304 _d17304 |
||
| 008 | 161123b xxu||||| |||| 00| 0 eng d | ||
| 020 | _a9780803611832 | ||
| 050 | _aRT 55 .N84 2000 | ||
| 100 |
_aNugent, Patricia M. _d2000 |
||
| 245 |
_aTest Success: _bTest-Taking Techniques for Beginning Nursing Students/ _cPatricia M. Nugent; Barbara A. Vitale |
||
| 250 | _a4th ed | ||
| 260 |
_aPhiladelphia: _bF.A. Davies Company, _c2000. |
||
| 300 |
_axvi,395p.: _bill.; _c28cm. |
||
| 521 | _aIncludes index. | ||
| 650 | _aTest-Taking Skills. | ||
| 650 | _aNursing. | ||
| 650 | _aPratical Nursing. | ||
| 700 | _aVitale, Barbara A. | ||
| 942 |
_2lcc _cBOOKS _hRT 55 .N84 2000 |
||